Diseño de un sistema de información integrado para el control de obras en la Dirección de Distribución del ICE
Sparad:
| Huvudupphovsman: | |
|---|---|
| Övriga upphovsmän: | |
| Materialtyp: | Bok |
| Publicerad: |
San José, Costa Rica
1992
|
| Ämnen: | |
| Taggar: |
Lägg till en tagg
Inga taggar, Lägg till första taggen!
|
MARC
| LEADER | 00000nam a2200000Ia 4500 | ||
|---|---|---|---|
| 003 | 007416 | ||
| 005 | 20221231144303.0 | ||
| 008 | 140114s1992 cr a m 000 ||s d | ||
| 040 | |c cru CEDI | ||
| 090 | |a TFG 3134 | ||
| 100 | |a Espinoza Guzmán, Joaquín Roberto |9 11340 | ||
| 245 | |a Diseño de un sistema de información integrado para el control de obras en la Dirección de Distribución del ICE | ||
| 260 | |c 1992 |a San José, Costa Rica | ||
| 300 | |a 284 hojas : ilustraciones (algunas plegables) ; 28 cm. | ||
| 500 | |a Proyecto de graduacion (licenciatura en ingenieria industrial)--Universidad de Costa Rica. Facultad de Ingeniería. Escuela de Ingenieria Industrial | ||
| 650 | |x INSTITUTO COSTARRICENSE DE ELECTRICIDAD.. DIRECCION DE DISTRIBUCION |x DISEÑO DE SISTEMAS |x SISTEMAS DE INFORMACION - COSTA RICA |9 11342 | ||
| 700 | |9 11341 |a Soley Brenes, Róger | ||
| 942 | |c TFG | ||
| 999 | |c 19629 |d 19629 | ||
